Kỹ thuật nấu món ăn nhà hàng, đám tiệc, sinh nhật
Guardat en:
| Autor principal: | |
|---|---|
| Format: | Llibre |
| Idioma: | Undetermined |
| Publicat: |
Đồng Nai
Đồng Nai
2004
|
| Matèries: | |
| Etiquetes: |
Afegir etiqueta
Sense etiquetes, Sigues el primer a etiquetar aquest registre!
|
| Thư viện lưu trữ: | Trung tâm Học liệu Trường Đại học Cần Thơ |
|---|
| LEADER | 00554nam a2200193Ia 4500 | ||
|---|---|---|---|
| 001 | CTU_65069 | ||
| 008 | 210402s9999 xx 000 0 und d | ||
| 020 | |b 55000 | ||
| 082 | |a 641.568 | ||
| 082 | |b B560 | ||
| 100 | |a Huỳnh Thị Bướn | ||
| 245 | 0 | |a Kỹ thuật nấu món ăn nhà hàng, đám tiệc, sinh nhật | |
| 245 | 0 | |c Huỳnh Thị Bướn | |
| 260 | |a Đồng Nai | ||
| 260 | |b Đồng Nai | ||
| 260 | |c 2004 | ||
| 650 | |a cookery | ||
| 904 | |i Minh | ||
| 980 | |a Trung tâm Học liệu Trường Đại học Cần Thơ | ||